[Event "EYCC 2017"]
[Site "Mamaia"]
[Date "2017.09.05"]
[Round "1"]
[White "Martirosyan, Haik M"]
[Black "Lazov, Toni"]
[Result "0-1"]
[WhiteElo "2570"]
[BlackElo "2290"]
[Annotator "TA"]
[PlyCount "84"]
[EventDate "2017.??.??"]
[EventType "swiss"]
[EventCountry "ROU"]
[SourceTitle "playchess.com"]
[Source "ChessBase"]
[SourceQuality "1"]

1. d4 Nf6 2. Bg5 d5 3. Nd2 Nbd7 4. e3 g6 5. Ngf3 Bg7 6. Be2 O-O 7. O-O Re8 8. c4 e5 9. Rc1 e4 10. Ne1 h6 11. Bh4 g5 12. Bg3 c6 13. cxd5 Nxd5 14. Nc4 f5 15. Qd2 Qf6 16. f3 f4 17. fxe4 Rxe4 18. Nc2 Qe6 19. Bf2 b5 20. Ne5 fxe3 21. Nxe3 Nxe3 22. Bxe3 Nxe5 23. dxe5 Qxe5 24. Rc3 Qe8 25. Rd3 Be6 26. Bf3 Bc4 27. Bxa7 Bxd3 28. Qxd3 Re1 29. Qb3+ Kh8 30. Bf2 Rxf1+ 31. Kxf1 Qg6 32. g4 Qb1+ 33. Kg2 Qxa2 34. Qc2 Qxb2 35. Qxc6 Rf8 36. Qb6 b4 37. Be4 Qf6 38. Qc5 Qc3 39. Qb6 Qf6 40. Qc5 b3 41. Bf5 b2 42. Qb5 Qe5 0-1

[Event "EYCC 2017"]
[Site "Mamaia"]
[Date "2017.09.05"]
[Round "1"]
[White "Esipenko, Andrey"]
[Black "Kotau, Arseni"]
[Result "1-0"]
[WhiteElo "2540"]
[BlackElo "2189"]
[Annotator "TA"]
[PlyCount "53"]
[EventDate "2017.??.??"]
[EventType "swiss"]
[EventCountry "ROU"]
[SourceTitle "playchess.com"]
[Source "ChessBase"]
[SourceQuality "1"]

1. d4 Nf6 2. c4 g6 3. Nc3 Bg7 4. e4 d6 5. Nf3 O-O 6. h3 e5 7. d5 a5 8. g4 Na6 9. Be3 Nd7 10. a3 Nac5 11. Rg1 a4 12. Nd2 b6 13. Qc2 c6 14. O-O-O cxd5 15. cxd5 b5 16. Bxb5 Ba6 17. Bxa6 Rxa6 18. Na2 Qa8 19. Nb4 Rc8 20. Kb1 Nb3 21. Qd3 Ndc5 22. Bxc5 Nxc5 23. Qe2 Rb6 24. Nc4 Rxb4 25. axb4 Nd7 26. Na5 Nb8 27. Rc1 1-0

[Event "EYCC 2017"]
[Site "Mamaia"]
[Date "2017.09.05"]
[Round "1"]
[White "Dragnev, Valentin"]
[Black "Tifferet, Shaked"]
[Result "1/2-1/2"]
[WhiteElo "2495"]
[BlackElo "2273"]
[Annotator "TA"]
[PlyCount "116"]
[EventDate "2017.??.??"]
[EventType "swiss"]
[EventCountry "ROU"]
[SourceTitle "playchess.com"]
[Source "ChessBase"]
[SourceQuality "1"]

1. Nf3 Nf6 2. c4 g6 3. Nc3 Bg7 4. e4 c5 5. d4 cxd4 6. Nxd4 d6 7. Be2 O-O 8. O-O Nc6 9. Be3 Bd7 10. Nc2 a6 11. Qd2 Rb8 12. f3 Qc7 13. Rac1 Rfc8 14. Nd5 Qd8 15. Nb6 Rc7 16. Rfd1 Qf8 17. c5 dxc5 18. e5 Nxe5 19. Bf4 Rc6 20. Qa5 Re6 21. Qxc5 Nh5 22. Be3 Rc6 23. Qa5 Be6 24. Nd4 Rxc1 25. Rxc1 Nc6 26. Nxc6 bxc6 27. Rxc6 Qd8 28. Qa4 Bxb2 29. Bxa6 Ng7 30. g4 Ne8 31. Qe4 Nf6 32. Qc2 Bd4 33. Bxd4 Qxd4+ 34. Qf2 Qxf2+ 35. Kxf2 Bxa2 36. Rc8+ Rxc8 37. Bxc8 Kg7 38. f4 Bb3 39. g5 Ne4+ 40. Ke3 Nd6 41. Bg4 Nf5+ 42. Bxf5 gxf5 43. Nd7 Kg6 44. Kf2 Bd5 45. h4 Kg7 46. Kg3 Be4 47. Kf2 Bc6 48. Ne5 Bb5 49. Kg3 Kf8 50. Kf2 Ba6 51. Ke3 Bb7 52. Nd7+ Ke8 53. Ne5 Be4 54. Kd4 f6 55. gxf6 exf6 56. Nc4 Ke7 57. Ne3 Kf7 58. Nf1 Ke6 1/2-1/2

[Event "EYCC 2017"]
[Site "Mamaia"]
[Date "2017.09.05"]
[Round "1"]
[White "Santos Ruiz, Miguel"]
[Black "Banzea, Alexandru-Bogdan"]
[Result "1-0"]
[WhiteElo "2490"]
[BlackElo "2283"]
[Annotator "TA"]
[PlyCount "63"]
[EventDate "2017.??.??"]
[EventType "swiss"]
[EventCountry "ROU"]
[SourceTitle "playchess.com"]
[Source "ChessBase"]
[SourceQuality "1"]

1. e4 e6 2. d4 d5 3. Nc3 Nf6 4. e5 Nfd7 5. f4 c5 6. Nf3 Nc6 7. Be3 Be7 8. Qd2 a6 9. Bd3 O-O 10. dxc5 Nxc5 11. Bxh7+ Kxh7 12. Bxc5 Bxc5 13. Ng5+ Kg8 14. Qd3 f5 15. Qh3 Rf7 16. O-O-O g6 17. Nxf7 Kxf7 18. Qh7+ Kf8 19. Rd3 Ne7 20. Qh8+ Ng8 21. Rg3 Qe8 22. h4 Qf7 23. h5 Qg7 24. Qxg7+ Kxg7 25. hxg6 Nh6 26. Rxh6 Kxh6 27. g7 Bd7 28. g8=Q Rxg8 29. Rxg8 Be3+ 30. Kd1 Bxf4 31. Rd8 Bc6 32. Rd6 1-0

[Event "EYCC 2017"]
[Site "Mamaia"]
[Date "2017.09.05"]
[Round "1"]
[White "Hakobyan, Aram"]
[Black "Beliotis, Georgios"]
[Result "1-0"]
[WhiteElo "2466"]
[BlackElo "2157"]
[Annotator "TA"]
[PlyCount "81"]
[EventDate "2017.??.??"]
[EventType "swiss"]
[EventCountry "ROU"]
[SourceTitle "playchess.com"]
[Source "ChessBase"]
[SourceQuality "1"]

1. e4 e5 2. Nf3 Nc6 3. Bb5 a6 4. Ba4 Nf6 5. d3 b5 6. Bb3 Bb7 7. O-O Bd6 8. a3 O-O 9. Nc3 h6 10. h3 Re8 11. Ba2 Bf8 12. Be3 d6 13. a4 Nb4 14. axb5 axb5 15. Bb3 Qd7 16. Rxa8 Bxa8 17. Re1 c5 18. Bd2 Bb7 19. Ne2 Nc6 20. Ng3 g6 21. h4 Qg4 22. h5 Kg7 23. hxg6 fxg6 24. Qc1 Kh7 25. c3 Bg7 26. Re3 Qd7 27. Nf1 c4 28. Bc2 Ng4 29. Re2 Rf8 30. N3h2 Na5 31. Qd1 cxd3 32. Bxd3 Nc4 33. Be1 d5 34. Bxc4 bxc4 35. Nxg4 Qxg4 36. exd5 Rd8 37. Ne3 Qe4 38. Qc2 Bxd5 39. Qd1 h5 40. Rd2 Bh6 41. Rxd5 1-0

[Event "EYCC 2017"]
[Site "Mamaia"]
[Date "2017.09.05"]
[Round "1"]
[White "Livaic, Leon"]
[Black "Ugroczky, Peter"]
[Result "1-0"]
[WhiteElo "2464"]
[BlackElo "2269"]
[Annotator "TA"]
[PlyCount "99"]
[EventDate "2017.??.??"]
[EventType "swiss"]
[EventCountry "ROU"]
[SourceTitle "playchess.com"]
[Source "ChessBase"]
[SourceQuality "1"]

1. d4 d5 2. c4 e6 3. Nc3 Nf6 4. cxd5 exd5 5. Bg5 c6 6. e3 Qb6 7. Qd2 Ne4 8. Nxe4 dxe4 9. Ne2 Be6 10. Nc3 Bb4 11. Be2 O-O 12. O-O Qa5 13. Bh4 Nd7 14. Rfc1 Nb6 15. a3 Bxc3 16. Rxc3 Bb3 17. Qe1 Qd5 18. Rc5 Qd7 19. Qb4 Be6 20. Rac1 Nd5 21. Qd2 f5 22. b4 a6 23. a4 Rfc8 24. Bg3 Ne7 25. f3 Kh8 26. fxe4 fxe4 27. h3 Rf8 28. Kh2 Nf5 29. Bf4 Bd5 30. Bg4 Qf7 31. b5 axb5 32. axb5 Ra2 33. Qxa2 Bxa2 34. Rxf5 Qxf5 35. Bxf5 Rxf5 36. Ra1 Bg8 37. b6 c5 38. Ra5 h6 39. dxc5 Rf6 40. Ra8 Kh7 41. Rd8 Rc6 42. Bd6 Bc4 43. Rb8 Ba6 44. Ra8 Bc4 45. Ra7 Bd5 46. Rxb7 Rxc5 47. Rd7 Rb5 48. Be5 Kg8 49. Rxd5 Rxd5 50. b7 1-0

[Event "EYCC 2017"]
[Site "Mamaia"]
[Date "2017.09.05"]
[Round "1"]
[White "Plenca, Jadranko"]
[Black "Karayev, Kanan"]
[Result "1-0"]
[WhiteElo "2446"]
[BlackElo "2228"]
[Annotator "TA"]
[PlyCount "77"]
[EventDate "2017.??.??"]
[EventType "swiss"]
[EventCountry "ROU"]
[SourceTitle "playchess.com"]
[Source "ChessBase"]
[SourceQuality "1"]

1. e4 e6 2. d4 d5 3. Nd2 Nc6 4. Ngf3 Nf6 5. e5 Nd7 6. Be2 f6 7. exf6 Qxf6 8. Nf1 Bd6 9. Ne3 O-O 10. O-O Qg6 11. c4 Nf6 12. c5 Be7 13. Bb5 Bd7 14. Bxc6 Bxc6 15. Ne5 Qe8 16. a4 a5 17. Qc2 Rc8 18. b3 b6 19. Ba3 bxc5 20. Bxc5 Bb7 21. f3 Nd7 22. Bxe7 Qxe7 23. Nxd7 Qxd7 24. Qc5 Qd6 25. Rac1 e5 26. dxe5 Qxe5 27. Nc4 Qg5 28. Nxa5 Ba6 29. Rfd1 Rcd8 30. Nc6 Rd6 31. Rxd5 Qf4 32. Ne7+ Kh8 33. Rf5 Rxf5 34. Nxf5 Rd8 35. Re1 h6 36. Nxg7 Qd2 37. Qe5 Qd4+ 38. Qxd4 Rxd4 39. Ne6 1-0

[Event "EYCC 2017"]
[Site "Mamaia"]
[Date "2017.09.05"]
[Round "1"]
[White "Fakhrutdinov, Timur"]
[Black "Storme, Isak"]
[Result "1-0"]
[WhiteElo "2441"]
[BlackElo "2146"]
[Annotator "TA"]
[PlyCount "79"]
[EventDate "2017.??.??"]
[EventType "swiss"]
[EventCountry "ROU"]
[SourceTitle "playchess.com"]
[Source "ChessBase"]
[SourceQuality "1"]

1. e4 c5 2. Nf3 Nc6 3. d4 cxd4 4. Nxd4 Nf6 5. Nc3 d6 6. Bg5 e6 7. Qd2 a6 8. O-O-O Bd7 9. f3 Be7 10. Kb1 O-O 11. h4 b5 12. g4 Rc8 13. Nxc6 Bxc6 14. Bd3 d5 15. Qf4 dxe4 16. fxe4 Qc7 17. e5 Bxh1 18. exf6 Qxf4 19. Bxf4 Bxf6 20. Rxh1 Bxc3 21. bxc3 Rxc3 22. Kb2 Rc6 23. Re1 Rd8 24. Re4 Rd5 25. Rb4 f5 26. gxf5 exf5 27. a4 Rb6 28. Bc4 bxc4 29. Rxb6 Rd4 30. Bg3 Rg4 31. Bf2 Rf4 32. Bc5 Rxh4 33. Rxa6 f4 34. Ra8+ Kf7 35. Rf8+ Ke6 36. a5 Rh5 37. Bb6 Rb5+ 38. Kc3 g5 39. Kxc4 Rb1 40. Bd4 1-0

[Event "EYCC 2017"]
[Site "Mamaia"]
[Date "2017.09.05"]
[Round "1"]
[White "Matviishen, Viktor"]
[Black "Garanin, Aleksei"]
[Result "1-0"]
[WhiteElo "2433"]
[BlackElo "2192"]
[Annotator "TA"]
[PlyCount "79"]
[EventDate "2017.??.??"]
[EventType "swiss"]
[EventCountry "ROU"]
[SourceTitle "playchess.com"]
[Source "ChessBase"]
[SourceQuality "1"]

1. e4 c5 2. Nf3 d6 3. d4 cxd4 4. Nxd4 Nf6 5. Nc3 a6 6. h3 e5 7. Nde2 h5 8. Bg5 Be6 9. Bxf6 Qxf6 10. Nd5 Qd8 11. Qd3 Nc6 12. O-O-O g6 13. Kb1 Bg7 14. h4 O-O 15. g3 Qa5 16. Bh3 Rac8 17. c3 b5 18. f4 f5 19. Nc1 b4 20. Nb3 Qb5 21. Qxb5 axb5 22. cxb4 exf4 23. gxf4 Bxd5 24. Rxd5 Nxb4 25. Rxd6 Rc2 26. e5 Rc4 27. Rf1 Kh7 28. a3 Nc2 29. Rf3 Rfc8 30. Bf1 Re4 31. Bd3 Re1+ 32. Ka2 b4 33. a4 Bf8 34. Rd7+ Kh6 35. a5 Rd1 36. Bxf5 Rh1 37. Rh7+ Kxh7 38. Bxc8 Bc5 39. e6 Ba7 40. f5 1-0

[Event "EYCC 2017"]
[Site "Mamaia"]
[Date "2017.09.05"]
[Round "1"]
[White "Gaifullin, Artur"]
[Black "Dalgar, Hakki Berat"]
[Result "1-0"]
[WhiteElo "2413"]
[BlackElo "2136"]
[Annotator "TA"]
[PlyCount "99"]
[EventDate "2017.??.??"]
[EventType "swiss"]
[EventCountry "ROU"]
[SourceTitle "playchess.com"]
[Source "ChessBase"]
[SourceQuality "1"]

1. d4 d5 2. Nf3 Nf6 3. c4 c6 4. e3 e6 5. Bd3 Nbd7 6. O-O Bd6 7. Nbd2 O-O 8. e4 dxe4 9. Nxe4 Nxe4 10. Bxe4 h6 11. Bc2 Qc7 12. b3 b6 13. Qd3 Nf6 14. Bb2 Rd8 15. Rfe1 Bb7 16. Rad1 Rac8 17. h3 Rd7 18. d5 cxd5 19. Bxf6 gxf6 20. Qh7+ Kf8 21. Nh4 Be5 22. f4 Qc5+ 23. Kh1 Qf2 24. Qxh6+ Ke7 25. fxe5 Qxc2 26. exf6+ Kd8 27. Rc1 Qb2 28. cxd5 Rc5 29. Qf8+ Kc7 30. Rxc5+ bxc5 31. Qxc5+ Kd8 32. dxe6 fxe6 33. Qg5 Kc7 34. Qc1+ Qxc1 35. Rxc1+ Kd8 36. Rf1 Ke8 37. Nf3 Rd5 38. Rc1 Rf5 39. Rc7 Bd5 40. f7+ Kf8 41. h4 Rxf7 42. Rxf7+ Kxf7 43. Kg1 Kf6 44. Kf2 Kf5 45. g3 e5 46. Nh2 Ke4 47. Ng4 Be6 48. Ne3 a5 49. h5 Bf7 50. Ng4 1-0

[Event "EYCC 2017"]
[Site "Mamaia"]
[Date "2017.09.05"]
[Round "1"]
[White "Garcia Martin, Marta"]
[Black "Cimpean, Andra"]
[Result "1/2-1/2"]
[WhiteElo "2411"]
[BlackElo "1959"]
[Annotator "TA"]
[PlyCount "119"]
[EventDate "2017.??.??"]
[EventType "swiss"]
[EventCountry "ROU"]
[SourceTitle "playchess.com"]
[Source "ChessBase"]
[SourceQuality "1"]

1. e4 Nf6 2. e5 Nd5 3. d4 d6 4. Bc4 c6 5. Nf3 g6 6. Qe2 Bg7 7. h3 O-O 8. O-O Bf5 9. Bb3 Nc7 10. Nc3 d5 11. Nh4 Nd7 12. Nxf5 gxf5 13. Qh5 c5 14. Nxd5 Nxd5 15. Bxd5 e6 16. Bxb7 Rb8 17. dxc5 Nxc5 18. Bf3 Bxe5 19. Bh6 Bg7 20. Rad1 Qf6 21. Bxg7 Kxg7 22. b3 Rb4 23. Be2 Rh4 24. Qf3 Ne4 25. Qe3 Rg8 26. Bd3 Kh8 27. Bxe4 fxe4 28. Kh2 Qg7 29. Rg1 a5 30. g3 Rh5 31. Qxe4 Re5 32. Qc4 Qf6 33. Kg2 Rf5 34. Qd4 e5 35. Qe3 Qc6+ 36. Kh2 Qxc2 37. Rd2 Qc6 38. Rgd1 Qf6 39. Re1 Rc8 40. Kg2 Qe6 41. Qe4 h5 42. Kg1 Kg7 43. Rd6 Qxd6 44. Qxf5 Rc5 45. Qxh5 f6 46. Re4 Kf8 47. Qh8+ Kf7 48. Qh7+ Ke6 49. Qg8+ Kd7 50. Re1 Kc7 51. Qh7+ Kb6 52. Qf5 Rc6 53. Qe4 Qa3 54. Qe3+ Kb7 55. Qe2 Qc5 56. h4 Qb6 57. h5 Rc3 58. Kg2 Qc5 59. Qe4+ Kb6 60. h6 1/2-1/2

[Event "EYCC 2017"]
[Site "Mamaia"]
[Date "2017.09.05"]
[Round "1"]
[White "Parkhov, Yair"]
[Black "Kistrup, Nicolai"]
[Result "1-0"]
[WhiteElo "2382"]
[BlackElo "2107"]
[Annotator "TA"]
[PlyCount "81"]
[EventDate "2017.??.??"]
[EventType "swiss"]
[EventCountry "ROU"]
[SourceTitle "playchess.com"]
[Source "ChessBase"]
[SourceQuality "1"]

1. d4 Nf6 2. c4 e6 3. g3 d5 4. Bg2 Be7 5. Nf3 O-O 6. Qc2 dxc4 7. Qxc4 Nbd7 8. O-O c5 9. dxc5 Nxc5 10. Nc3 Bd7 11. Ne5 Bd6 12. Nxd7 Qxd7 13. Bg5 Rac8 14. Qd4 Qe7 15. Nb5 Bb8 16. Rad1 a6 17. Nd6 Bxd6 18. Bxf6 gxf6 19. Qxd6 Qxd6 20. Rxd6 Rc7 21. Rb6 Na4 22. Rxb7 Rxb7 23. Bxb7 Rb8 24. Bxa6 Rxb2 25. Ra1 Nc3 26. a4 Nxe2+ 27. Bxe2 Rxe2 28. a5 Rb2 29. a6 Rb8 30. a7 Ra8 31. Kg2 Kf8 32. Kh3 f5 33. Kh4 Kg7 34. Kg5 h6+ 35. Kf4 Kf6 36. Ra6 Ke7 37. Ke5 f6+ 38. Kd4 Kd7 39. Kc5 Kc7 40. Rxe6 Rxa7 41. Re7+ 1-0

[Event "EYCC 2017"]
[Site "Mamaia"]
[Date "2017.09.05"]
[Round "1"]
[White "Bjerre, Jonas Buhl"]
[Black "Geher, Koppany"]
[Result "1/2-1/2"]
[WhiteElo "2357"]
[BlackElo "1961"]
[Annotator "TA"]
[PlyCount "66"]
[EventDate "2017.??.??"]
[EventType "swiss"]
[EventCountry "ROU"]
[SourceTitle "playchess.com"]
[Source "ChessBase"]
[SourceQuality "1"]

1. e4 c5 2. Nf3 e6 3. d4 cxd4 4. Nxd4 Nc6 5. Nc3 Qc7 6. Qd3 a6 7. Nxc6 dxc6 8. Qg3 Qxg3 9. hxg3 e5 10. Be3 Be6 11. O-O-O Bb4 12. a3 Bxc3 13. bxc3 Nf6 14. f3 Nd7 15. c4 c5 16. f4 Nf6 17. f5 Bd7 18. Rh4 b6 19. Bd3 Bc6 20. Rdh1 Ke7 21. g4 Nxe4 22. Rxh7 Rxh7 23. Rxh7 Rg8 24. g5 Nd6 25. g4 Bf3 26. Rh4 e4 27. Bf1 Rd8 28. Kb2 Ne8 29. Bh3 Rd1 30. Rh7 Re1 31. Bd2 Re2 32. Bf4 e3 33. f6+ gxf6 1/2-1/2

[Event "EYCC 2017"]
[Site "Mamaia"]
[Date "2017.09.05"]
[Round "1"]
[White "Ozenir, Ekin Baris"]
[Black "Yeremyan, Alen"]
[Result "0-1"]
[WhiteElo "2337"]
[BlackElo "2060"]
[Annotator "TA"]
[PlyCount "144"]
[EventDate "2017.??.??"]
[EventType "swiss"]
[EventCountry "ROU"]
[SourceTitle "playchess.com"]
[Source "ChessBase"]
[SourceQuality "1"]

1. d4 Nf6 2. Bg5 Ne4 3. Bf4 c5 4. f3 Nf6 5. d5 e6 6. e4 exd5 7. exd5 d6 8. Na3 Be7 9. Ne2 O-O 10. Ng3 a6 11. Nc4 b5 12. Ne3 h6 13. h4 Re8 14. Be2 Nh7 15. Nef5 Bxf5 16. Nxf5 Bf6 17. Nxd6 Be5 18. Bxe5 Rxe5 19. Ne4 Rxd5 20. Qc1 f5 21. Ng3 Qc7 22. f4 Nd7 23. O-O Rf8 24. c4 Rd4 25. cxb5 axb5 26. Bxb5 Nb6 27. Qc3 Nf6 28. Rac1 Qd8 29. Nxf5 Nfd5 30. Qxc5 Rd2 31. Ne3 Qxh4 32. Nxd5 Nxd5 33. Rc2 Rxc2 34. Qxc2 Nxf4 35. Qc3 Qg5 36. Bc4+ Kh8 37. Rf2 Qc5 38. Kf1 Qh5 39. Kg1 Qd1+ 40. Rf1 Qg4 41. Qf3 Qg5 42. b3 Qc5+ 43. Kh1 Rf5 44. Rf2 Rf8 45. Rd2 Qe7 46. Rd1 Ng6 47. Qg3 Nf4 48. Qg4 h5 49. Qg3 h4 50. Qg4 g5 51. a4 Rd8 52. Rxd8+ Qxd8 53. Qf5 Qe7 54. Qg4 Kg7 55. Qf3 Qe1+ 56. Qf1 Qe5 57. b4 Qe4 58. Kg1 Qd4+ 59. Kh1 g4 60. a5 g3 61. Bb5 h3 62. Bc6 hxg2+ 63. Bxg2 Kg6 64. Qa6+ Kg5 65. Qb5+ Kg4 66. Bf3+ Kxf3 67. Qc6+ Kg4 68. Qc8+ Kf3 69. Qc6+ Kf2 70. Qc2+ Ne2 71. Qf5+ Qf4 72. Qh3 Qf3+ 0-1

[Event "EYCC 2017"]
[Site "Mamaia"]
[Date "2017.09.05"]
[Round "1"]
[White "Badelka, Olga"]
[Black "Pellicoro, Nathalie"]
[Result "1-0"]
[WhiteElo "2335"]
[BlackElo "1903"]
[Annotator "TA"]
[PlyCount "95"]
[EventDate "2017.??.??"]
[EventType "swiss"]
[EventCountry "ROU"]
[SourceTitle "playchess.com"]
[Source "ChessBase"]
[SourceQuality "1"]

1. c4 Nf6 2. d4 g6 3. Nc3 Bg7 4. e4 d6 5. Nge2 O-O 6. Ng3 Nc6 7. d5 Nb8 8. Be2 e6 9. O-O exd5 10. cxd5 Re8 11. Be3 Nbd7 12. Qc2 a6 13. Rac1 Qe7 14. b4 c6 15. dxc6 bxc6 16. Rfd1 Bb7 17. Qd2 d5 18. exd5 cxd5 19. Na4 Rac8 20. Nc5 Nxc5 21. Bxc5 Qe6 22. Bf1 Ne4 23. Nxe4 dxe4 24. Bc4 Qf6 25. Qe2 Rcd8 26. a4 Rxd1+ 27. Rxd1 Rd8 28. a5 Rxd1+ 29. Qxd1 Qa1 30. Qxa1 Bxa1 31. Kf1 Bc3 32. Ke2 Kg7 33. Ke3 f5 34. Bd4+ Bxd4+ 35. Kxd4 Kf6 36. g3 g5 37. Bd5 Bc8 38. g4 e3 39. fxe3 fxg4 40. Kc5 h5 41. Kd6 h4 42. e4 g3 43. hxg3 hxg3 44. e5+ Kf5 45. e6 Bxe6 46. Bxe6+ Kf4 47. Bd5 g4 48. b5 1-0

[Event "EYCC 2017"]
[Site "Mamaia"]
[Date "2017.09.05"]
[Round "1"]
[White "Shubin, Kirill"]
[Black "Pedoson, Georg Aleksander"]
[Result "0-1"]
[WhiteElo "2331"]
[BlackElo "2036"]
[Annotator "TA"]
[PlyCount "79"]
[EventDate "2017.??.??"]
[EventType "swiss"]
[EventCountry "ROU"]
[SourceTitle "playchess.com"]
[Source "ChessBase"]
[SourceQuality "1"]

1. e4 d5 2. exd5 Nf6 3. Nf3 Nxd5 4. d4 g6 5. Be2 Bg7 6. O-O O-O 7. c4 Nb6 8. Nc3 Nc6 9. d5 Na5 10. c5 Bxc3 11. cxb6 Bg7 12. bxc7 Qxc7 13. Qa4 Bd7 14. Qh4 b5 15. Bh6 f6 16. Bxg7 Kxg7 17. Qb4 Rfe8 18. Rfe1 a6 19. Rac1 Qd8 20. Nd4 Nb7 21. Bd3 Nd6 22. Re3 Qb6 23. Ne6+ Bxe6 24. Rxe6 Qb7 25. Qd4 Rad8 26. Rc6 Nf7 27. h4 Ne5 28. Rc5 Rd6 29. Rxd6 exd6 30. Rc1 Rc8 31. Re1 Rc5 32. Be4 f5 33. Bf3 Rc4 34. Qe3 Qe7 35. Kf1 Rxh4 36. g3 Rc4 37. Bg2 Qc7 38. b3 Rc2 39. Qf4 Qc3 40. Qh4 0-1

[Event "EYCC 2017"]
[Site "Mamaia"]
[Date "2017.09.05"]
[Round "1"]
[White "Suleymanli, Aydin"]
[Black "Cuttoli, Alexandre"]
[Result "1-0"]
[WhiteElo "2328"]
[BlackElo "1770"]
[Annotator "TA"]
[PlyCount "53"]
[EventDate "2017.??.??"]
[EventType "swiss"]
[EventCountry "ROU"]
[SourceTitle "playchess.com"]
[Source "ChessBase"]
[SourceQuality "1"]

1. d4 Nf6 2. c4 g6 3. Nc3 Bg7 4. e4 d6 5. f4 O-O 6. Nf3 Na6 7. Be2 e5 8. fxe5 dxe5 9. d5 Nc5 10. Bg5 a5 11. Nd2 c6 12. O-O h6 13. Be3 Qe7 14. Kh1 Rd8 15. a3 Bd7 16. b4 axb4 17. axb4 Na6 18. Rb1 Nxb4 19. Bb6 c5 20. Nb3 Na6 21. Bxd8 Qxd8 22. Qe1 Nh5 23. Bxh5 gxh5 24. Qf2 f5 25. exf5 Qg5 26. Ne4 Qf4 27. Qe1 1-0

[Event "EYCC 2017"]
[Site "Mamaia"]
[Date "2017.09.05"]
[Round "1"]
[White "Schitco, Ivan"]
[Black "Cespedes Llaverias, Llibert"]
[Result "1-0"]
[WhiteElo "2315"]
[BlackElo "1962"]
[Annotator "TA"]
[PlyCount "55"]
[EventDate "2017.??.??"]
[EventType "swiss"]
[EventCountry "ROU"]
[SourceTitle "playchess.com"]
[Source "ChessBase"]
[SourceQuality "1"]

1. d4 d5 2. c4 dxc4 3. e3 Nf6 4. Nf3 e6 5. Bxc4 c5 6. O-O Nc6 7. Nc3 cxd4 8. exd4 Be7 9. Re1 O-O 10. Be3 b6 11. Qe2 Na5 12. Bd3 Bb7 13. Ne5 Nc6 14. Rad1 Nb4 15. Bb1 Nbd5 16. Qd3 Nb4 17. Qd2 Rc8 18. a3 Nbd5 19. Bg5 Re8 20. Qd3 h6 21. Bxf6 Nxf6 22. Ng4 g6 23. Nxh6+ Kg7 24. Nxf7 Kxf7 25. Qxg6+ Kf8 26. Qh6+ Kg8 27. Rxe6 Rc6 28. Ba2 1-0

[Event "EYCC 2017"]
[Site "Mamaia"]
[Date "2017.09.05"]
[Round "1"]
[White "Askerov, Marat"]
[Black "Deac, Bogdan-Daniel"]
[Result "1/2-1/2"]
[WhiteElo "2309"]
[BlackElo "2573"]
[Annotator "TA"]
[PlyCount "213"]
[EventDate "2017.??.??"]
[EventType "swiss"]
[EventCountry "ROU"]
[SourceTitle "playchess.com"]
[Source "ChessBase"]
[SourceQuality "1"]

1. d4 Nf6 2. c4 e6 3. Nf3 d5 4. g3 Bb4+ 5. Bd2 Be7 6. Bg2 c6 7. O-O Nbd7 8. Qc2 O-O 9. Rd1 b6 10. Bf4 Ba6 11. b3 Rc8 12. Nc3 dxc4 13. e4 h6 14. Nd2 c5 15. d5 exd5 16. exd5 Nh5 17. Be3 f5 18. f4 g6 19. Nxc4 Bf6 20. a4 Bg7 21. Rac1 Nhf6 22. h3 Nh5 23. Bf2 Bxc4 24. bxc4 Ndf6 25. a5 Qd7 26. axb6 axb6 27. Rb1 Rb8 28. Re1 Rfe8 29. Rxe8+ Qxe8 30. Re1 Qd8 31. Nb5 Bf8 32. Na7 Qc7 33. Nc6 Ra8 34. d6 Bxd6 35. Ne7+ Bxe7 36. Bxa8 Bd6 37. Bf3 Ng7 38. Ra1 g5 39. fxg5 hxg5 40. Ra8+ Kh7 41. g4 Qe7 42. Qe2 Qd7 43. gxf5 Qxf5 44. Bg4 Qg6 45. Be1 Qb1 46. Kg2 Qb3 47. Rd8 Bf4 48. Qd3+ Qxd3 49. Rxd3 Nge8 50. Bg3 Bxg3 51. Kxg3 Nd6 52. Be6 b5 53. Kf3 Nxc4 54. Bxc4 bxc4 55. Rd6 c3 56. Rd3 Kg6 57. Rxc3 Nd7 58. Kg3 Nf6 59. Kf3 Nd7 60. Rc1 Ne5+ 61. Ke4 Nf7 62. Rxc5 Nh6 63. Kf3 Nf5 64. Ra5 Nh6 65. Ra6+ Kh5 66. Rf6 Ng8 67. Rf8 Nh6 68. Rh8 Kg6 69. Ke4 Kg7 70. Ra8 Kg6 71. Ra6+ Kh5 72. Kf3 Nf5 73. Ra5 Nh6 74. Rb5 Kg6 75. Rb6+ Kh5 76. Rb5 Kg6 77. Rb7 Kh5 78. Rg7 Nf5 79. Rg8 Nh6 80. Rf8 Kg6 81. Ke4 Kh5 82. Rh8 Kg6 83. Ra8 Kh5 84. Ra6 Nf7 85. Kf5 Nh6+ 86. Kf6 g4 87. Ra3 Kh4 88. hxg4 Nxg4+ 89. Kf5 Nf2 90. Rf3 Nh3 91. Re3 Nf2 92. Rf3 Nh3 93. Re3 Nf2 94. Ra3 Nh3 95. Rb3 Nf2 96. Kf4 Nh3+ 97. Kf3 Ng5+ 98. Kf4 Nh3+ 99. Kf5 Nf2 100. Rc3 Nh3 101. Rf3 Ng1 102. Rf1 Nh3 103. Ke4 Kg4 104. Rf8 Ng5+ 105. Ke3 Nh3 106. Rh8 Ng5 107. Rf8 1/2-1/2

[Event "EYCC 2017"]
[Site "Mamaia"]
[Date "2017.09.05"]
[Round "1"]
[White "Domingo Nunez, Ruben"]
[Black "Sorokin, Aleksey"]
[Result "0-1"]
[WhiteElo "2283"]
[BlackElo "2486"]
[Annotator "TA"]
[PlyCount "106"]
[EventDate "2017.??.??"]
[EventType "swiss"]
[EventCountry "ROU"]
[SourceTitle "playchess.com"]
[Source "ChessBase"]
[SourceQuality "1"]

1. e4 c5 2. Nf3 d6 3. d4 cxd4 4. Nxd4 Nf6 5. Nc3 a6 6. f3 e5 7. Nb3 Be6 8. Be3 h5 9. Qd2 Nbd7 10. Nd5 Bxd5 11. exd5 g6 12. Be2 Bg7 13. O-O O-O 14. Na5 Qc7 15. c4 b6 16. Nc6 a5 17. Bd1 Nc5 18. h3 Nfd7 19. g4 Nf6 20. Kg2 Qd7 21. Bg5 Rae8 22. Bxf6 Bxf6 23. gxh5 Qf5 24. f4 exf4 25. Qxf4 Nd3 26. Qg4 Qg5 27. Qxg5 Bxg5 28. hxg6 fxg6 29. Bg4 Nxb2 30. Rxf8+ Rxf8 31. Nd4 Be3 32. Nb5 Rf2+ 33. Kg3 Nxc4 34. a4 Rf6 35. Be6+ Kh7 36. Ra2 Bc5 37. h4 Ne5 38. Kg2 Rf4 39. Kg3 Rf3+ 40. Kg2 Kh6 41. Na7 Rf4 42. Kg3 Nd3 43. Rd2 Bf2+ 44. Kh3 Ne5 45. Nc6 Nc4 46. Re2 Ne3 47. Rxf2 Rxf2 48. Ne7 Rf3+ 49. Kh2 Rf4 50. Nc8 Rxa4 51. Nxd6 Nxd5 52. Bxd5 Rd4 53. Nf7+ Kg7 0-1

[Event "EYCC 2017"]
[Site "Mamaia"]
[Date "2017.09.05"]
[Round "1"]
[White "Meunier, Clement"]
[Black "Thybo, Jesper Sondergaard"]
[Result "0-1"]
[WhiteElo "2269"]
[BlackElo "2464"]
[Annotator "TA"]
[PlyCount "58"]
[EventDate "2017.??.??"]
[EventType "swiss"]
[EventCountry "ROU"]
[SourceTitle "playchess.com"]
[Source "ChessBase"]
[SourceQuality "1"]

1. e4 e6 2. d4 d5 3. Nd2 c5 4. Ngf3 cxd4 5. exd5 Qxd5 6. Bc4 Qd8 7. O-O a6 8. Nb3 Qc7 9. Qe2 Nc6 10. Rd1 Bd6 11. Nbxd4 Nxd4 12. Rxd4 Ne7 13. b3 Ng6 14. Bb2 O-O 15. Rad1 Bc5 16. Rg4 b5 17. Bd3 f5 18. Rxg6 hxg6 19. Nh4 Qf7 20. Qf3 g5 21. Ng6 g4 22. Qc6 Bb7 23. Qxc5 Qxg6 24. c4 Rfd8 25. Qe3 Be4 26. Be2 Rxd1+ 27. Bxd1 Rd8 28. Be2 bxc4 29. bxc4 Rb8 0-1